[Event "SZCZYRK OPEN - TURNIEJ Z OKAZJI SWIETA NIEPODLEGLOSCI - BLITZ 3'+2'' "]
[Site "Szczyrk"]
[Date "2018-11-11"]
[Round "9.15"]
[White "Drozniak, Stanislaw"]
[Black "Marczak, Szymon"]
[Result "1-0"]
[WhiteTitle ""]
[BlackTitle ""]
[WhiteElo "1799"]
[BlackElo "1880"]

1. e4 b6 2. d4 Bb7 3. Bd3 e6 4. Qe2 Nf6 5. Nd2 c5 6. c3 d5 7. e5 Nfd7 8. f4 g6
9. Ngf3 Be7 10. a3 Qc8 11. O-O Ba6 12. b4 Bxd3 13. Qxd3 Qa6 14. Qxa6 Nxa6 15.
b5 Nc7 16. a4 O-O 17. g4 a6 18. bxa6 Rxa6 19. Rf2 Rfa8 20. Nf1 Rxa4 21. Rxa4 Rxa4
22. f5 cxd4 23. cxd4 Nb5 24. Be3 Nc3 25. Rc2 Ra3 26. Bd2 Ne2+ 27. Kf2 Nxd4 28.
Rc8+ Nf8 29. Nxd4 Bc5 30. Be3 Ra2+ 31. Kf3 gxf5 32. gxf5 exf5 33. Nxf5 Bxe3 34.
N1xe3 Rxh2 35. Nxd5 Rh1 36. Nf6+ 1-0

[Event "SZCZYRK OPEN - TURNIEJ Z OKAZJI SWIETA NIEPODLEGLOSCI - BLITZ 3'+2'' "]
[Site "Szczyrk"]
[Date "2018-11-11"]
[Round "9.16"]
[White "Kukula, Karol"]
[Black "Kaminski, Maciej "]
[Result "0-1"]
[WhiteTitle ""]
[BlackTitle ""]
[WhiteElo "1644"]
[BlackElo "1876"]

1. e4 e5 2. Nf3 Nc6 3. Nc3 Nf6 4. Bb5 Bb4 5. O-O O-O 6. d3 d6 7. Bg5 h6 8. Bxf6
gxf6 9. Nd5 Ba5 10. Nh4 Nd4 11. c3 Nxb5 12. Qf3 f5 13. a4 Qxh4 14. axb5 fxe4 15.
dxe4 Bb6 16. Nf6+ Kg7 17. Nh5+ Kh7 18. Nf6+ Kg6 19. Nd5 Be6 20. g3 Bg4 21. Qd3
Qh5 22. h4 Be2 23. Qc2 Bxf1 24. Rxf1 Qf3 25. Ne7+ Kh7 26. Kh2 Rae8 27. Nf5 Re6
28. Qd2 Qxe4 29. Ne3 Bxe3 30. fxe3 f5 31. b4 Rg6 32. Rg1 Rfg8 33. Qf2 f4 34. exf4
exf4 35. Qxa7 fxg3+ 36. Kh3 Qf5+ 37. Kg2 Qf2+ 0-1

[Event "SZCZYRK OPEN - TURNIEJ Z OKAZJI SWIETA NIEPODLEGLOSCI - BLITZ 3'+2'' "]
[Site "Szczyrk"]
[Date "2018-11-11"]
[Round "9.17"]
[White "Buchta, Agnieszka"]
[Black "Ulrych, Wojciech "]
[Result "1-0"]
[WhiteTitle ""]
[BlackTitle ""]
[WhiteElo "1586"]
[BlackElo "1867"]

1. e4 e6 2. d4 d5 3. e5 c5 4. c3 Nc6 5. Nf3 Qb6 6. a3 cxd4 7. cxd4 Nge7 8. b4 Nf5
9. Be3 a6 10. Bd3 Nxe3 11. fxe3 Be7 12. O-O f5 13. Nc3 O-O 14. Rc1 Bd7 15. Na4
Qd8 16. Nc5 Bxc5 17. Rxc5 b6 18. Rc2 a5 19. b5 Ne7 20. a4 Ng6 21. Qd2 Qe8 22.
Rfc1 Rc8 23. Rc7 Qd8 24. Rxc8 Bxc8 25. Rc6 Bd7 26. Rc3 Qe7 27. Qc2 Qb4 28. Rc7
Be8 29. h3 f4 30. Rb7 fxe3 31. Ng5 Qe1+ 32. Kh2 Qd2 33. Qc7 Bf7 34. Nxf7 Nf4 35.
Nh6+ 1-0

[Event "SZCZYRK OPEN - TURNIEJ Z OKAZJI SWIETA NIEPODLEGLOSCI - BLITZ 3'+2'' "]
[Site "Szczyrk"]
[Date "2018-11-11"]
[Round "9.18"]
[White "Lambrecht, Tomasz"]
[Black "Foltyn, Lukasz "]
[Result "1-0"]
[WhiteTitle ""]
[BlackTitle ""]
[WhiteElo "1343"]
[BlackElo "1854"]

1. Nf3 c5 2. c4 Nc6 3. Nc3 g6 4. g3 Bg7 5. Bg2 Nf6 6. d4 cxd4 7. Nxd4 O-O 8. O-O
e5 9. Ndb5 a6 10. Nd6 Qc7 11. e4 Nd4 12. Nxc8 Raxc8 13. b3 b5 14. Nd5 Nxd5 15.
cxd5 Qc3 16. Bd2 Qd3 17. Bb4 Qxd1 18. Raxd1 Rfe8 19. Rd2 f5 20. f3 Nc2 21. Bd6
Nd4 22. Rfd1 Kf7 23. Re1 h6 24. Ba3 g5 25. Bb2 Kg6 26. Kf2 fxe4 27. fxe4 Rf8+
28. Ke3 Nc2+ 29. Ke2 Nxe1 30. Kxe1 Rf7 31. Re2 h5 32. Bh3 g4 33. Bg2 Bh6 34. Kd1
Rc5 35. Bxe5 Bg7 36. Bxg7 Kxg7 37. Kd2 d6 38. Kd1 Rfc7 39. Rd2 Rc1+ 40. Ke2 R1c2
41. h3 Kf6 42. hxg4 hxg4 43. Bf1 Ke5 44. Bg2 Rc1 45. Kd3 Rg1 46. Rf2 Rcc1 47.
Rf5# 1-0

[Event "SZCZYRK OPEN - TURNIEJ Z OKAZJI SWIETA NIEPODLEGLOSCI - BLITZ 3'+2'' "]
[Site "Szczyrk"]
[Date "2018-11-11"]
[Round "9.19"]
[White "Labedz, Dawid"]
[Black "Lesniak, Grzegorz"]
[Result "1-0"]
[WhiteTitle ""]
[BlackTitle ""]
[WhiteElo "1395"]
[BlackElo "1849"]

1. e4 e5 2. Nf3 Nc6 3. d4 exd4 4. Nxd4 Nf6 5. Nc3 Bb4 6. Nxc6 bxc6 7. Bd3 d5 8.
e5 Ng4 9. f4 d4 10. a3 dxc3 11. axb4 Qd4 12. Qf3 O-O 13. Rb1 Qxb4 14. O-O Bb7
15. Qxg4 c5 16. Be2 f5 17. exf6 Rxf6 18. Bf3 Bxf3 19. Qxf3 Rb8 20. b3 g5 21. Qg3
Rg6 22. f5 Rg7 23. f6 Rg6 24. f7+ Kf8 25. Qxc7 1-0

[Event "SZCZYRK OPEN - TURNIEJ Z OKAZJI SWIETA NIEPODLEGLOSCI - BLITZ 3'+2'' "]
[Site "Szczyrk"]
[Date "2018-11-11"]
[Round "9.20"]
[White "Namyslak, Piotr"]
[Black "Panek, Bartosz "]
[Result "1/2-1/2"]
[WhiteTitle ""]
[BlackTitle ""]
[WhiteElo "1794"]
[BlackElo "1478"]

1. c4 Nf6 2. Nc3 e5 3. e4 c6 4. Nf3 d6 5. d3 Bg4 6. h3 Bh5 7. Be2 Nbd7 8. O-O Be7
9. Be3 Qc7 10. g4 Bg6 11. g5 Nh5 12. Nxe5 Nxe5 13. Bxh5 Bxh5 14. Qxh5 Nxd3 15.
b3 g6 16. Qe2 Ne5 17. f4 Nd7 18. Bd4 Rg8 19. Rae1 O-O-O 20. Kh1 f6 21. gxf6 Bxf6
22. Bxf6 Nxf6 23. e5 Nh5 24. Qg4+ Kb8 25. exd6 Rxd6 26. Ne4 Rdd8 27. Ng3 Nxg3+
28. Qxg3 Rge8 29. Kh2 Rd2+ 30. Kh1 Red8 31. Qe3 R2d3 32. Qe6 Qd7 33. Qxd7 R8xd7
34. Kg2 Rd2+ 35. Rf2 Kc7 36. Ree2 Rxe2 37. Rxe2 Kb6 38. Kf3 Kc5 39. Kg4 Rf7 40.
Rd2 Kb4 41. Kg5 Kc3 42. Re2 Kd3 43. Re6 Kd4 44. Re2 Kc3 45. Re6 Kd4 1/2-1/2

[Event "SZCZYRK OPEN - TURNIEJ Z OKAZJI SWIETA NIEPODLEGLOSCI - BLITZ 3'+2'' "]
[Site "Szczyrk"]
[Date "2018-11-11"]
[Round "9.21"]
[White "Laszczuk, Zuzanna"]
[Black "Temel, Jan "]
[Result "0-1"]
[WhiteTitle ""]
[BlackTitle ""]
[WhiteElo "1332"]
[BlackElo "1762"]

1. e4 e6 2. d3 c5 3. Nd2 Nc6 4. g3 g6 5. Bg2 Bg7 6. f4 Nge7 7. Ngf3 O-O 8. O-O
d5 9. g4 f5 10. e5 fxg4 11. Ne1 h5 12. h3 gxh3 13. Bxh3 Nf5 14. Qf3 Qh4 15. Ng2
Qg3 16. Bxf5 Qxf3 17. Bxe6+ Bxe6 18. Nxf3 Bg4 19. Nfh4 g5 20. Ng6 Rfe8 21. fxg5
Nd4 22. c3 Nf3+ 23. Kh1 Kh7 24. N6f4 Rxe5 25. Ne3 d4 26. g6+ Kg8 27. cxd4 cxd4
28. Nxg4 hxg4 29. b3 Rc8 30. Rb1 Rc2 31. Rb2 Rxb2 32. Bxb2 Bh6 33. Ng2 Rh5+ 34.
Nh4 Rxh4+ 35. Kg2 Bf4 36. Rb1 Rh2+ 37. Kf1 Nd2+ 38. Ke1 Nxb1 0-1

[Event "SZCZYRK OPEN - TURNIEJ Z OKAZJI SWIETA NIEPODLEGLOSCI - BLITZ 3'+2'' "]
[Site "Szczyrk"]
[Date "2018-11-11"]
[Round "9.22"]
[White "Jakubiec, Maurycy"]
[Black "Fic, Wieslaw "]
[Result "0-1"]
[WhiteTitle ""]
[BlackTitle ""]
[WhiteElo "1093"]
[BlackElo "1759"]

1. e4 c5 2. Nf3 d6 3. d4 cxd4 4. Nxd4 Nf6 5. Nc3 a6 6. f3 e6 7. Be3 Qc7 8. Qd2
b5 9. Bd3 Nbd7 10. O-O-O Bb7 11. g4 Nb6 12. h4 Nfd7 13. h5 Nc4 14. Bxc4 Qxc4 15.
Qd3 Ne5 16. Qxc4 Nxc4 17. Rde1 Nxe3 18. Rxe3 Be7 19. Ree1 O-O 20. f4 Bf6 21. e5
dxe5 22. fxe5 Bxh1 23. exf6 Bb7 24. fxg7 Kxg7 25. Rf1 Rad8 26. Nde2 h6 27. Ng3
Rd4 28. Nce2 Rxg4 29. Ng1 Rxg3 30. Ne2 Rg5 31. Nf4 Rc8 32. c3 b4 33. Kc2 bxc3
34. bxc3 Rg3 35. Ne2 Rg2 36. Kd2 Bd5 37. a3 Bc4 38. Re1 Rxe2+ 39. Rxe2 Bxe2 40.
Kxe2 Rxc3 0-1

[Event "SZCZYRK OPEN - TURNIEJ Z OKAZJI SWIETA NIEPODLEGLOSCI - BLITZ 3'+2'' "]
[Site "Szczyrk"]
[Date "2018-11-11"]
[Round "9.23"]
[White "Hasinski, Krystian "]
[Black "Zabrzanska, Weronika "]
[Result "1-0"]
[WhiteTitle ""]
[BlackTitle ""]
[WhiteElo "1742"]
[BlackElo "1344"]

1. d4 d5 2. c4 e6 3. Nc3 Nf6 4. Nf3 Be7 5. Bf4 O-O 6. e3 Nh5 7. Bg3 Nxg3 8. hxg3
h6 9. Bd3 Bf6 10. c5 b6 11. cxb6 axb6 12. Bc2 Ba6 13. a4 Nc6 14. Bd3 Bxd3 15.
Qxd3 Nb4 16. Qd2 Qe7 17. O-O g5 18. Rfc1 c5 19. Ne5 Bxe5 20. dxe5 Nc6 21. f4 Kh8
22. Rf1 Rg8 23. Qe2 Ra7 24. Qh5 Kh7 25. Kf2 gxf4 26. gxf4 d4 27. Ne4 dxe3+ 28.
Kxe3 Nd4 29. Nf6+ Qxf6 30. exf6 Nc2+ 31. Kf3 Nxa1 32. Rxa1 Rd8 33. Rh1 Rd3+ 34.
Ke2 1-0

[Event "SZCZYRK OPEN - TURNIEJ Z OKAZJI SWIETA NIEPODLEGLOSCI - BLITZ 3'+2'' "]
[Site "Szczyrk"]
[Date "2018-11-11"]
[Round "9.24"]
[White "Krasniewski, Szymon"]
[Black "Dylag, Emilia"]
[Result "0-1"]
[WhiteTitle ""]
[BlackTitle ""]
[WhiteElo "1293"]
[BlackElo "1668"]

1. e4 c5 2. Nf3 d6 3. d4 cxd4 4. Nxd4 Nf6 5. Nc3 a6 6. Be2 e5 7. Nf3 Be7 8. O-O
h6 9. h3 O-O 10. Be3 Be6 11. Qd2 Nbd7 12. Rfd1 b5 13. a3 Qc7 14. Rac1 Rfd8 15.
Nd5 Bxd5 16. exd5 Ne4 17. Qd3 Nec5 18. Bxc5 Nxc5 19. Qe3 e4 20. Nd4 Bg5 21. f4
exf3 22. Qxf3 Bxc1 23. Rxc1 Re8 24. Rf1 Re5 25. b4 Ne4 26. Qd3 Qb6 27. Kh1 Rae8
28. Nc6 Nf2+ 29. Rxf2 Qxf2 30. Nxe5 Rxe5 31. Bf3 Qg3 32. Be2 Qe3 33. Qxe3 Rxe3
34. Bd3 Re1+ 35. Kh2 Ra1 36. c4 bxc4 37. Bxc4 Rxa3 38. b5 axb5 39. Bxb5 Ra5 40.
Bc6 Rc5 41. Kg3 Kh7 42. Kf4 Kg6 43. g4 Kf6 44. h4 g5+ 45. hxg5+ hxg5+ 46. Ke4
Rc4+ 47. Kf3 Ke5 48. Be8 f6 49. Bf7 Rd4 50. Bg8 Rxd5 51. Ke3 Ra5 52. Bf7 Ra3+
53. Kf2 Kf4 54. Be6 Rc3 55. Kg2 Rc2+ 56. Kh3 Rc5 57. Kg2 d5 58. Kf2 d4 59. Ke2
Re5+ 60. Kd3 Rxe6 61. Kxd4 Kxg4 62. Kd5 Re5+ 63. Kd4 Re8 64. Kd3 f5 0-1

[Event "SZCZYRK OPEN - TURNIEJ Z OKAZJI SWIETA NIEPODLEGLOSCI - BLITZ 3'+2'' "]
[Site "Szczyrk"]
[Date "2018-11-11"]
[Round "9.25"]
[White "Lokaj, Bartlomiej"]
[Black "Zielinski, Marcin"]
[Result "1-0"]
[WhiteTitle ""]
[BlackTitle ""]
[WhiteElo "1252"]
[BlackElo "1576"]

1. e4 c6 2. Nf3 d5 3. exd5 cxd5 4. d4 Nf6 5. Bd3 Bg4 6. O-O Nc6 7. c3 e6 8. h3
Bxf3 9. Qxf3 Bd6 10. Bg5 Be7 11. Nd2 O-O 12. Rfe1 Rc8 13. Qe2 a6 14. Nf3 Nd7 15.
Bxe7 Qxe7 16. Qc2 h6 17. Qb3 Nf6 18. a4 Rfd8 19. a5 Qc7 20. Qa4 Nh5 21. Ne5 Nxe5
22. dxe5 g6 23. Qd4 Ng7 24. Qh4 h5 25. Qb4 Qc6 26. Qd4 Qd7 27. Qb6 Rc6 28. Qe3
Rdc8 29. f4 Qc7 30. Rec1 d4 31. Qxd4 Rd8 32. Qe3 Qd7 33. Be4 Rc4 34. Bf3 Nf5 35.
Qf2 Qd3 36. Rd1 Qxd1+ 37. Rxd1 Rxd1+ 38. Bxd1 Kg7 39. Bc2 Ne7 40. Qe2 Rc8 41.
Qe4 Nf5 42. Qxb7 Rc4 43. Bxf5 exf5 44. Qxa6 Re4 45. Qf1 f6 46. b4 fxe5 47. fxe5
Rxe5 48. c4 Kf6 49. Qa1 Ke6 50. Qxe5+ Kxe5 51. b5 Kd6 52. a6 Kc7 53. c5 Kb8 54.
b6 g5 55. c6 g4 56. c7+ Kc8 57. a7 Kb7 58. a8=Q+ Kxa8 59. c8=Q# 1-0

[Event "SZCZYRK OPEN - TURNIEJ Z OKAZJI SWIETA NIEPODLEGLOSCI - BLITZ 3'+2'' "]
[Site "Szczyrk"]
[Date "2018-11-11"]
[Round "9.26"]
[White "Zamarska, Sylwia "]
[Black "Sandomierski, Cyprian"]
[Result "1-0"]
[WhiteTitle ""]
[BlackTitle ""]
[WhiteElo "1552"]
[BlackElo "1472"]

1. d4 Nf6 2. Nf3 e6 3. Bf4 d5 4. e3 c5 5. c3 Nc6 6. Nbd2 cxd4 7. exd4 Bd6 8. Bxd6
Qxd6 9. Bd3 e5 10. dxe5 Nxe5 11. Qe2 Nfd7 12. Nxe5 Qxe5 13. Nf3 Qxe2+ 14. Bxe2
O-O 15. O-O-O Nb6 16. Rd4 Be6 17. Rhd1 Rfe8 18. Nd2 Bd7 19. Bf3 Bc6 20. Nf1 Re5
21. Ne3 Rd8 22. c4 Rc8 23. c5 Na4 24. b4 Nc3 25. R1d3 Nb5 26. Rh4 d4 27. Nc4 Re1+
28. Kd2 Ra1 29. Bxc6 Rxa2+ 30. Kd1 bxc6 31. Rd2 Rxd2+ 32. Kxd2 Re8 33. Nd6 Nxd6
34. cxd6 Rd8 35. Rxd4 f6 36. Kc3 Kf7 37. Kc4 Ke6 38. Kc5 Ke5 39. Rd1 Ke6 40. Kxc6
Rc8+ 41. Kb5 Rb8+ 42. Ka4 a6 43. d7 Rd8 44. Ka5 Rxd7 45. Rxd7 Kxd7 46. Kxa6 Kc7
47. Ka7 Kc6 48. Ka6 g5 49. b5+ Kd5 50. b6 Ke4 51. b7 Kd3 52. b8=Q Ke2 53. Qe8+
Kxf2 54. Qf7 1-0

[Event "SZCZYRK OPEN - TURNIEJ Z OKAZJI SWIETA NIEPODLEGLOSCI - BLITZ 3'+2'' "]
[Site "Szczyrk"]
[Date "2018-11-11"]
[Round "9.27"]
[White "Drozdzal, Michal "]
[Black "Szafranski, Maciej "]
[Result "1/2-1/2"]
[WhiteTitle ""]
[BlackTitle ""]
[WhiteElo "1375"]
[BlackElo "1548"]

1. e4 c5 2. Nc3 a6 3. f4 d6 4. Nf3 Nf6 5. d4 cxd4 6. Nxd4 e6 7. Bc4 b5 8. Bb3 Bb7
9. e5 dxe5 10. fxe5 Nfd7 11. Qh5 Be7 12. Nxe6 Qb6 13. Nxg7+ Kd8 14. Qxf7 Rf8 15.
Ne6+ Kc8 16. Nxf8 Bxf8 17. e6 Bb4 18. exd7+ Nxd7 19. Qe8+ Kc7 20. Bf4+ Bd6 21.
Bxd6+ Qxd6 22. Qh5 Qe7+ 23. Kd2 Qd6+ 24. Nd5+ Bxd5 25. Qxd5 Qf4+ 26. Kd1 Rd8 27.
a4 Nc5 28. Qxd8+ Kxd8 29. Ke2 Qe4+ 30. Kf2 Qf4+ 31. Ke2 Qg4+ 32. Kf2 Ne4+ 33.
Ke3 Ng5 34. Rad1+ Ke7 35. Kd2 Qxg2+ 36. Kc1 Nf3 37. Rhf1 Qg5+ 38. Kb1 Nd2+ 39.
Ka2 Nxf1 40. Rxf1 bxa4 41. Bxa4 Qd5+ 42. Bb3 Qa5+ 43. Kb1 Qe5 44. Rf7+ Kd8 45.
Rxh7 Qe1+ 46. Ka2 Qa5+ 47. Kb1 Qe1+ 48. Ka2 Qa5+ 1/2-1/2

[Event "SZCZYRK OPEN - TURNIEJ Z OKAZJI SWIETA NIEPODLEGLOSCI - BLITZ 3'+2'' "]
[Site "Szczyrk"]
[Date "2018-11-11"]
[Round "9.28"]
[White "Retz, Adrian "]
[Black "Wiszniewski, Szymon"]
[Result "1-0"]
[WhiteTitle ""]
[BlackTitle ""]
[WhiteElo "1547"]
[BlackElo "1395"]

1. e4 c5 2. Nf3 d6 3. d4 cxd4 4. Nxd4 Nf6 5. Nc3 a6 6. Bc4 e6 7. Bg5 Be7 8. O-O
b5 9. Bb3 b4 10. Na4 Nxe4 11. Bxe7 Qxe7 12. Re1 Nc5 13. Nf5 Qg5 14. Nxd6+ Ke7
15. Nb6 Rd8 16. Ndxc8+ Kf8 17. Qe2 Ra7 18. Nxa7 Rd2 19. Qe5 Qh4 20. Qxb8+ Ke7
21. Nc6+ Kf6 22. Qe5+ Kg6 23. Qxc5 f6 24. Ne7+ Kh6 25. Qe3+ Kh5 26. Qxd2 g5 27.
Bxe6 g4 28. Bf7# 1-0

[Event "SZCZYRK OPEN - TURNIEJ Z OKAZJI SWIETA NIEPODLEGLOSCI - BLITZ 3'+2'' "]
[Site "Szczyrk"]
[Date "2018-11-11"]
[Round "9.29"]
[White "Miler, Franciszek"]
[Black "Derylo, Kamil"]
[Result "0-1"]
[WhiteTitle ""]
[BlackTitle ""]
[WhiteElo "1197"]
[BlackElo "1536"]

1. e4 f6 2. d4 Kf7 3. Bc4+ e6 4. Nf3 Bb4+ 5. c3 Ba5 6. e5 d5 7. Bb3 c5 8. dxc5
Qc7 9. exf6 Nxf6 10. Ng5+ Ke7 11. O-O h6 12. Nf3 Re8 13. Re1 Kf7 14. Ne5+ Kg8
15. Ba4 Nc6 16. Bxc6 bxc6 17. Bf4 Qb7 18. b4 Bc7 19. Ng6 Bxf4 20. Nxf4 e5 21.
Nd2 exf4 22. Rxe8+ Nxe8 23. Qh5 Nf6 24. Qe5 Bd7 25. Qxf4 Re8 26. Nf3 Qb5 27. Ne5
Be6 28. a4 Qb8 29. Qe3 Bf7 30. f4 Ng4 31. Qg3 Nxe5 32. fxe5 Qxe5 33. Qxe5 Rxe5
34. Kf2 Bh5 35. b5 Re2+ 36. Kf1 Re6 37. b6 axb6 38. cxb6 Be2+ 39. Kf2 Bc4 40.
a5 Ba6 41. Rb1 Re7 42. Kf3 Kf7 43. Kf4 Re4+ 44. Kf3 Re7 45. Kf4 g5+ 46. Kf5 Bc8#
0-1

[Event "SZCZYRK OPEN - TURNIEJ Z OKAZJI SWIETA NIEPODLEGLOSCI - BLITZ 3'+2'' "]
[Site "Szczyrk"]
[Date "2018-11-11"]
[Round "9.30"]
[White "Wilgosz, Tomasz"]
[Black "Majdanski, Maksymilian "]
[Result "0-1"]
[WhiteTitle ""]
[BlackTitle ""]
[WhiteElo "1533"]
[BlackElo "1393"]

1. e4 c5 2. Nf3 Nc6 3. c3 d5 4. e5 Bg4 5. d4 cxd4 6. cxd4 Bxf3 7. gxf3 e6 8. Nc3
Qb6 9. Bb5 a6 10. Bxc6+ bxc6 11. Na4 Bb4+ 12. Bd2 Qxd4 13. f4 Bxd2+ 14. Qxd2 Qe4+
15. Kd1 Qxh1+ 16. Kc2 Qe4+ 17. Kc1 Qxa4 18. b3 Qe4 19. Qc3 Qxf4+ 20. Kb2 Qxf2+
21. Ka3 Ne7 22. Rc1 a5 23. Rc2 Qb6 24. Qg3 Qb4+ 25. Kb2 Qd4+ 26. Kb1 Nf5 27. Qe1
O-O 28. Rxc6 Rfc8 29. Rxc8+ Rxc8 30. Qxa5 Qd1+ 31. Kb2 Qc1# 0-1

[Event "SZCZYRK OPEN - TURNIEJ Z OKAZJI SWIETA NIEPODLEGLOSCI - BLITZ 3'+2'' "]
[Site "Szczyrk"]
[Date "2018-11-11"]
[Round "9.32"]
[White "Orzechowski, Michal"]
[Black "Kordela, Monika"]
[Result "1/2-1/2"]
[WhiteTitle ""]
[BlackTitle ""]
[WhiteElo "1519"]
[BlackElo "1451"]

1. Nf3 Nf6 2. b3 b6 3. Bb2 Bb7 4. g3 g6 5. Bg2 Bg7 6. O-O O-O 7. d3 d6 8. e4 e5
9. Nc3 Nc6 10. Re1 Re8 11. Qd2 Qd7 12. Rad1 Rad8 13. a4 a5 14. Rf1 Rf8 15. Rfe1
Rfe8 16. Rf1 Rf8 17. Rfe1 Rfe8 18. Rf1 Rf8 19. Rfe1 1/2-1/2

[Event "SZCZYRK OPEN - TURNIEJ Z OKAZJI SWIETA NIEPODLEGLOSCI - BLITZ 3'+2'' "]
[Site "Szczyrk"]
[Date "2018-11-11"]
[Round "9.33"]
[White "Rydzewski, Marceli "]
[Black "Majdecki, Robert "]
[Result "0-1"]
[WhiteTitle ""]
[BlackTitle ""]
[WhiteElo "1146"]
[BlackElo "1508"]

1. e4 c5 2. c3 g6 3. d4 cxd4 4. cxd4 Bg7 5. Nf3 d5 6. e5 Nc6 7. Nc3 f6 8. Bf4 Bg4
9. exf6 Bxf6 10. Qd2 Bxf3 11. gxf3 Nxd4 12. Bb5+ Kf7 13. O-O-O Rc8 14. Kb1 Qa5
15. Be2 Nxe2 16. Qxe2 Bxc3 17. bxc3 Qxc3 18. Be5 Qb4+ 19. Qb2 Qxb2+ 20. Kxb2 Nf6
21. Bxf6 Kxf6 22. Rxd5 Rc7 23. Rhd1 Rhc8 24. R1d2 e6 25. Rd6 Rc6 26. R6d4 h5 27.
h4 a5 28. Rd7 R8c7 29. Rd8 b5 30. f4 a4 31. Rf8+ Ke7 32. Rg8 Kf7 33. Rb8 Rc5 34.
a3 Rc8 35. Rb7+ R8c7 36. Rb8 Kf6 37. Rf8+ Rf7 38. Rb8 Kf5 39. Rd4 Rfc7 40. Rf8+
Kg4 41. Rd2 Kxh4 42. Rg8 0-1

[Event "SZCZYRK OPEN - TURNIEJ Z OKAZJI SWIETA NIEPODLEGLOSCI - BLITZ 3'+2'' "]
[Site "Szczyrk"]
[Date "2018-11-11"]
[Round "9.35"]
[White "Jagodzinski, Jaromir "]
[Black "Sowierszenko, Tomasz "]
[Result "1-0"]
[WhiteTitle ""]
[BlackTitle ""]
[WhiteElo "1141"]
[BlackElo "1503"]

1. d4 d5 2. e3 Nf6 3. Bd3 g6 4. f4 Bg7 5. Nf3 O-O 6. O-O Nbd7 7. Ne5 c5 8. c3 c4
9. Bc2 Ne8 10. Rf3 b5 11. Rg3 Nxe5 12. fxe5 f5 13. exf6 Rxf6 14. e4 dxe4 15. Bxe4
Rb8 16. Bg5 Rf7 17. Bd5 e6 18. Bxd8 exd5 19. Bg5 Nd6 20. Qe2 Ne4 21. Bf4 Nxg3
22. Bxg3 Rb6 23. Nd2 Rbf6 24. Rf1 Re6 25. Qd1 Rfe7 26. Qf3 Re8 27. Qf7+ Kh8 28.
Qxa7 Bh6 29. Nf3 Be3+ 30. Kh1 Bh6 31. Be5+ Kg8 32. a4 R6e7 33. Qc5 Bg4 34. Qxb5
Bxf3 35. Rxf3 Bg7 36. Qxd5+ Kh8 37. h3 Bxe5 38. dxe5 Rxe5 39. Rf8+ Kg7 40. Qf7+
Kh6 41. Rxe8 Rxe8 42. Qxe8 Kg7 43. Qe7+ Kh6 44. a5 g5 45. a6 Kh5 46. a7 h6 47.
Qf7+ Kh4 48. g3+ Kxg3 49. a8=R h5 50. Qc7+ Kh4 51. Ra5 g4 52. Qe7+ Kg3 53. Qe1+
Kf3 54. Rf5# 1-0

[Event "SZCZYRK OPEN - TURNIEJ Z OKAZJI SWIETA NIEPODLEGLOSCI - BLITZ 3'+2'' "]
[Site "Szczyrk"]
[Date "2018-11-11"]
[Round "9.36"]
[White "Werner, Kacper "]
[Black "Pieczewski, Szymon "]
[Result "1-0"]
[WhiteTitle ""]
[BlackTitle ""]
[WhiteElo "1240"]
[BlackElo "1495"]

1. e4 Nf6 2. e5 Nd5 3. c4 Nb6 4. d4 d6 5. exd6 cxd6 6. Nc3 g6 7. Nf3 Bg4 8. Be2
Bg7 9. Be3 O-O 10. c5 dxc5 11. dxc5 N6d7 12. O-O Nc6 13. a3 a6 14. Qc2 Qc8 15.
b4 Bxf3 16. Bxf3 Nd4 17. Bxd4 Bxd4 18. Rad1 Bg7 19. Nd5 Re8 20. Rfe1 e6 21. Ne3
Ne5 22. Be2 Qc7 23. Nc4 Nxc4 24. Qxc4 Rad8 25. Qc2 Qf4 26. g3 Qg5 27. Bf3 Qe7
28. Rxd8 Rxd8 29. Rd1 Rxd1+ 30. Qxd1 Be5 31. Qe2 Bb8 32. Qe4 Qc7 33. Qxb7 Kf8
34. Qxc7 Bxc7 35. Bb7 a5 36. b5 Ke7 37. Kf1 e5 38. Ke2 Kd7 39. b6 Bd8 40. c6+
Kd6 41. c7 Bxc7 42. bxc7 Kxc7 43. Bd5 f6 44. Bg8 h6 45. Bh7 g5 46. Ke3 Kd6 47.
Ke4 Kc5 48. Bg8 Kd6 49. Kf5 Ke7 50. Bc4 h5 51. Ke4 Kf8 52. Kd5 Kg7 53. Kc5 f5
54. Kb5 Kf6 55. Kxa5 f4 56. Kb6 e4 57. a4 e3 58. fxe3 fxe3 59. Be2 h4 60. a5 Ke5
61. a6 1-0

[Event "SZCZYRK OPEN - TURNIEJ Z OKAZJI SWIETA NIEPODLEGLOSCI - BLITZ 3'+2'' "]
[Site "Szczyrk"]
[Date "2018-11-11"]
[Round "9.37"]
[White "Niedorys, Karolina "]
[Black "Wiszniewski, Tomasz"]
[Result "1-0"]
[WhiteTitle ""]
[BlackTitle ""]
[WhiteElo "1141"]
[BlackElo "1475"]

1. e4 e5 2. Nf3 Nc6 3. Bb5 a6 4. Bxc6 dxc6 5. d3 Bd6 6. O-O Bg4 7. h3 Be6 8. Nc3
Ne7 9. d4 exd4 10. Nxd4 Qd7 11. Qf3 O-O 12. Be3 f5 13. Nxe6 Qxe6 14. exf5 Rxf5
15. Qe4 Qg6 16. Rad1 Re8 17. Qg4 Qe6 18. Rfe1 Qf7 19. Ne4 Bb4 20. c3 Ba5 21. a3
Bb6 22. Bxb6 cxb6 23. Nd6 h5 24. Qe2 Qb3 25. Nxf5 Nxf5 26. Qxe8+ Kh7 27. Qe4 g6
28. Rd7+ Kh6 29. Qf4+ g5 30. Qxf5 h4 31. Re6+ Kh5 32. Rh7# 1-0

[Event "SZCZYRK OPEN - TURNIEJ Z OKAZJI SWIETA NIEPODLEGLOSCI - BLITZ 3'+2'' "]
[Site "Szczyrk"]
[Date "2018-11-11"]
[Round "9.38"]
[White "Bochenek, Kacper "]
[Black "Krzywicki, Michal"]
[Result "0-1"]
[WhiteTitle ""]
[BlackTitle ""]
[WhiteElo "1463"]
[BlackElo "1306"]

1. e4 c5 2. Nf3 g6 3. d4 cxd4 4. Qxd4 Nf6 5. e5 Nc6 6. Qa4 Nd5 7. Qb3 Nb6 8. Be2
Bg7 9. Bf4 O-O 10. Nc3 Qc7 11. Nd5 Nxd5 12. Qxd5 Nb4 13. Qb3 Nxc2+ 14. Kd2 Nxa1
15. Rxa1 Qa5+ 16. Kc2 b6 17. Rc1 Bb7 18. Bd2 Rac8+ 19. Kb1 Be4+ 20. Ka1 Rxc1+
21. Bxc1 Bxf3 22. Bxf3 Qxe5 23. Be3 Rc8 24. a3 b5 25. Bd2 a6 26. Bc3 Qc5 27. Bb4
Qc1+ 28. Ka2 Qc4 29. Bxe7 Qxb3+ 30. Kxb3 Rc4 31. Bd5 Rd4 32. Bf3 Rd2 33. Bc5 Rxb2#
0-1

[Event "SZCZYRK OPEN - TURNIEJ Z OKAZJI SWIETA NIEPODLEGLOSCI - BLITZ 3'+2'' "]
[Site "Szczyrk"]
[Date "2018-11-11"]
[Round "9.39"]
[White "Kotowicz, Kamil"]
[Black "Marciniak, Leonard "]
[Result "1-0"]
[WhiteTitle ""]
[BlackTitle ""]
[WhiteElo "1243"]
[BlackElo "1458"]

1. d4 d5 2. Nf3 c6 3. Bf4 e6 4. e3 Bd6 5. Bxd6 Qxd6 6. c3 Nd7 7. Bd3 f5 8. Nbd2
Ngf6 9. Qe2 Ne4 10. c4 b6 11. cxd5 exd5 12. Ba6 b5 13. Bxc8 Rxc8 14. Nxe4 fxe4
15. Nd2 O-O 16. O-O a6 17. a4 Ra8 18. axb5 axb5 19. Rfc1 Nb6 20. b3 Rxa1 21. Rxa1
Ra8 22. Rxa8+ Nxa8 23. Qd1 Nc7 24. Qa1 h6 25. Qa5 c5 26. dxc5 Qxc5 27. b4 Qc6
28. g3 Ne6 29. Kg2 d4 30. Nb3 d3 31. Nd2 Ng5 32. Qa7 Qc3 33. Qa8+ Kh7 34. h4 Qxd2
35. hxg5 hxg5 36. Qxe4+ Kh6 37. Qc6+ Kh7 38. Qxb5 Qc2 39. Qf5+ Kh6 40. Qe6+ Kh7
41. Qe4+ Kg8 42. b5 Qe2 43. Qc4+ Kh7 44. b6 g4 45. Qe4+ Kh6 46. Qc6+ Kh7 47. Qe4+
Kh6 48. Qc6+ Kh7 49. Qe4+ Kh6 50. b7 d2 51. b8=Q Qf3+ 52. Qxf3 gxf3+ 53. Kxf3
d1=Q+ 54. Kg2 Qd5+ 55. f3 Qd2+ 56. Kh3 Qxe3 57. Qf4+ Qxf4 58. gxf4 Kg6 59. Kg4
1-0

[Event "SZCZYRK OPEN - TURNIEJ Z OKAZJI SWIETA NIEPODLEGLOSCI - BLITZ 3'+2'' "]
[Site "Szczyrk"]
[Date "2018-11-11"]
[Round "9.40"]
[White "Ochenduszko, Bartosz "]
[Black "Borsuk, Aleksandra "]
[Result "1-0"]
[WhiteTitle ""]
[BlackTitle ""]
[WhiteElo "1453"]
[BlackElo "1221"]

1. e4 e6 2. Nc3 d5 3. Nf3 dxe4 4. Nxe4 Nf6 5. d3 Nxe4 6. dxe4 Qxd1+ 7. Kxd1 Nc6
8. Bb5 Bd7 9. c3 a6 10. Bd3 e5 11. Be3 Bg4 12. Kc2 Bxf3 13. gxf3 Rd8 14. f4 exf4
15. Bxf4 Bd6 16. Bg3 Bxg3 17. hxg3 Ne5 18. Rad1 Nxd3 19. Rxd3 Rxd3 20. Kxd3 Ke7
21. Ke3 Ke6 22. Rd1 Re8 23. f4 Re7 24. f5+ Kf6 25. Kf4 g6 26. g4 h6 27. Rh1 Kg7
28. e5 Kh7 29. Rd1 g5+ 30. Ke4 Kg7 31. f6+ Kg6 32. fxe7 1-0

[Event "SZCZYRK OPEN - TURNIEJ Z OKAZJI SWIETA NIEPODLEGLOSCI - BLITZ 3'+2'' "]
[Site "Szczyrk"]
[Date "2018-11-11"]
[Round "9.41"]
[White "Polak, Sylwia"]
[Black "Pisarek, Jan "]
[Result "0-1"]
[WhiteTitle ""]
[BlackTitle ""]
[WhiteElo "1432"]
[BlackElo "1256"]

1. d4 Nf6 2. c4 e6 3. Nc3 Bb4 4. Nf3 O-O 5. Qc2 d6 6. e3 Qe7 7. a3 Bxc3+ 8. Qxc3
Nbd7 9. Be2 e5 10. d5 Ne4 11. Qc2 f5 12. O-O Ndf6 13. Nd2 Nxd2 14. Bxd2 Ne4 15.
f3 Nxd2 16. Qxd2 f4 17. e4 g5 18. b4 Kg7 19. Rac1 h5 20. h3 Rh8 21. Qd1 Bd7 22.
c5 Rag8 23. Kf2 Kf7 24. Ke1 g4 25. hxg4 hxg4 26. Kd2 Rh2 27. Rf2 g3 28. Rf1 Rxg2
29. Kd3 Bb5+ 30. Rc4 Bxc4+ 31. Kxc4 Rf2 32. Rxf2 gxf2 33. Bf1 Rg1 34. Qe2 Qh4
35. b5 Qg3 36. a4 Rxf1 37. Qxf1 Qg1 0-1

[Event "SZCZYRK OPEN - TURNIEJ Z OKAZJI SWIETA NIEPODLEGLOSCI - BLITZ 3'+2'' "]
[Site "Szczyrk"]
[Date "2018-11-11"]
[Round "9.42"]
[White "Krupinski, Mikolaj "]
[Black "Wilgosz, Jan "]
[Result "1-0"]
[WhiteTitle ""]
[BlackTitle ""]
[WhiteElo "1414"]
[BlackElo "1242"]

1. e4 e5 2. Nf3 Nc6 3. Bc4 Nf6 4. d3 Bc5 5. c3 d6 6. O-O Bg4 7. Nbd2 Na5 8. Bb5+
c6 9. Ba4 b5 10. Bc2 Bb6 11. h3 Bh5 12. Re1 O-O 13. Nf1 Re8 14. Ng3 Bg6 15. Nh4
Nb7 16. Nhf5 d5 17. Bg5 dxe4 18. dxe4 Qxd1 19. Raxd1 Rad8 20. Kf1 Nc5 21. Rxd8
Rxd8 22. Ne7+ Kf8 23. Nxc6 Rd2 24. Bxd2 Bc7 25. Bg5 Nfd7 1-0